Chess - Statistics

General Stats
  • This quiz has been taken 22 times
  • The average score is 14 of 15
Answer Stats
Hint Answer % Correct
The pawn can promote to a _____, rook, knight, and bishop Queen
100%
what chess piece is known for moving up,down,left, and right. Can move as far as it can. Rook
100%
What does Levy always sacrifice? The rook
100%
What is better? 3 knights or 1 rook? in terms of points 3 knights
95%
How much spaces are on a chess board? 64
95%
How much points is a queen worth? 9
95%
What piece is equivalent to the knight? Bishop
95%
What is the secret pawn move called? En passant
95%
What piece can move up, down, left, right, northeast, northwest, southeast, and southwest, but can only move 1 space in each direction? King
95%
What chess piece can fork pieces Knight
95%
Name the piece that each player has 8 of Pawn
95%
True or False: The bishop moves diagonally, which means that they can never go on the other colored square True
95%
What is the move where the king and rook both move to a new position backrank? Castle
90%
Where did chess originate? India
80%
Can a pawn move 1 or 2 spaces when it moves for the first time? Yes
70%
No matching quizzes found
Score Distribution
Percent of People with Each Score
Percentile by Number Answered
Your Score History
You have not taken this quiz